IBM PC для пользователя: краткий курс

Библиографические подробности
Главный автор: Фигурнов В. Э. Виктор Эвальдович
Язык:русский
Опубликовано: Москва, Инфра-М, 1998
Предметы:
Формат: Книга
Запись в KOHA:https://koha.lib.tpu.ru/cgi-bin/koha/opac-detail.pl?biblionumber=7698

MARC

LEADER 00000nam0a2200000 4500
001 7698
005 20231030181309.0
010 |a 5862254714 
035 |a (RuTPU)RU\TPU\book\7743 
035 |a BOOK00007802 
090 |a 7698 
100 |a 20011209d1998 m y0rusy50 ca 
101 0 |a rus 
102 |a RU 
105 |a a j 000zy 
200 1 |a IBM PC для пользователя: краткий курс  |f В. Э. Фигурнов 
210 |a Москва  |c Инфра-М  |d 1998 
215 |a 480 с.  |c ил. 
451 1 |0 (RuTPU)RU\TPU\book\22213  |y 5-86225-471-4  |t IBM PC для пользователя  |o Краткий курс  |f В. Э. Фигурнов  |c Москва  |n Инфра-М  |d 1999  |p 480 с.  |a Фигурнов, Виктор Эвальдович 
451 1 |0 (RuTPU)RU\TPU\book\3428  |y 5-86225-4714  |t IBM PC для пользователя  |o краткий курс  |f В. Э. Фигурнов  |c Москва  |n Инфра-М  |d 1997  |p 480 с.  |a Фигурнов, Виктор Эвальдович 
610 1 |a персональные компьютеры 
610 1 |a IBM PC 
610 1 |a устройства 
610 1 |a программы 
610 1 |a конфигурирование 
610 1 |a компьютерные вирусы 
610 1 |a учебные пособия 
675 |a 681.3-181.4(07)  |v 3 
700 1 |a Фигурнов  |b В. Э.  |g Виктор Эвальдович 
801 0 |a RU  |b 63413507  |c 20011209  |g PSBO 
801 2 |a RU  |b 63413507  |c 20201109  |g PSBO 
900 |a Информатика 
942 |c BK